LEADER 00883nam0-2200289 --450 001 9910330260103321 005 20190716084811.0 010 $a978-88-917-2913-2 020 $aIT$b2016-6476 100 $a20190716d2015----kmuy0itay5050 ba 101 0 $aita 102 $aIT 105 $a 001yy 200 1 $a<>Italia e l'Europa negli anni Ottanta$estoria, politica, cultura$fa cura di Lara Piccardo 210 $aMilano$cFrancoAngeli$d2015 215 $a171 p.$cill.$d23 cm 225 1 $aPolitica/studi$v101 610 0 $aItalia$aRapporti [con l'] Unione Europea$a1980-1990 676 $a327.4504$v23$zita 702 1$aPiccardo,$bLara 801 0$aIT$bUNINA$gREICAT$2UNIMARC 901 $aBK 912 $a9910330260103321 952 $aCOLLEZ. 1747 (101)$b905/2019$fFSPBC 959 $aFSPBC 996 $aItalia e l'Europa negli anni Ottanta$91557839 997 $aUNINA LEADER 02066oam 2200541 450 001 9910707803503321 005 20170111115635.0 035 $a(CKB)5470000002468528 035 $a(OCoLC)755055843 035 $a(EXLCZ)995470000002468528 100 $a20110929j198805 ua 0 101 0 $aeng 135 $aurbn||||||||| 181 $ctxt$2rdacontent 182 $cc$2rdamedia 183 $acr$2rdacarrier 200 10$aGlobal meteorological data facility for real-time field experiments support and guidance /$fMark C. Shipham, Scott T. Shipley, Charles R. Trepte 210 1$a[Washington, D.C.] :$cNational Aeronautics and Space Administration, Scientific and Technical Information Division,$dMay 1988. 215 $a1 online resource (v, 19 pages) $cillustrations 225 1 $aNASA technical memorandum ;$v4023 300 $a"May 1988." 300 $a"Performing organization: NASA Langley Research Center"--Report documentation page. 320 $aIncludes bibliographical references (pages 6-7). 606 $aAtmospheric boundary layer$2nasat 606 $aGOES satellites$2nasat 606 $aMeteorological satellites$2nasat 606 $aPolar meteorology$2nasat 606 $aReal time operation$2nasat 615 7$aAtmospheric boundary layer. 615 7$aGOES satellites. 615 7$aMeteorological satellites. 615 7$aPolar meteorology. 615 7$aReal time operation. 700 $aShipham$b Mark C.$01419903 702 $aShipley$b Scott T$g(Scott Thomas),$f1949- 702 $aTrepte$b Charles R$g(Charles Raymond),$f1957- 712 02$aLangley Research Center. 712 02$aUnited States.$bNational Aeronautics and Space Administration.$bScientific and Technical Information Division, 801 0$bOCLCE 801 1$bOCLCE 801 2$bOCLCQ 801 2$bOCLCO 801 2$bOCLCQ 801 2$bGPO 906 $aBOOK 912 $a9910707803503321 996 $aGlobal meteorological data facility for real-time field experiments support and guidance$93535918 997 $aUNINA